Social sector spending on health and education in Haryana : A decadal review (Record no. 533254)

000 -LEADER
fixed length control field 01221nam a22001337a 4500
008 - FIXED-LENGTH DATA ELEMENTS--GENERAL INFORMATION
fixed length control field 260505b ||||| |||| 00| 0 eng d
100 ## - MAIN ENTRY--PERSONAL NAME
Personal name Autwal, Anil and Devi, Kiran
245 ## - TITLE STATEMENT
Title Social sector spending on health and education in Haryana : A decadal review
260 ## - PUBLICATION, DISTRIBUTION, ETC. (IMPRINT)
Place of publication, distribution, etc Economic & Political Weekly
300 ## - PHYSICAL DESCRIPTION
Extent 61(16), Apr 18, 2026: p.29-34
520 ## - SUMMARY, ETC.
Summary, etc The economic and social development in Haryana during 2012–13 to 2021–22 is examined, focusing on public expenditure in education and health. Despite a relatively high spending and performance on key social indicators, outcomes remain below those of comparable high-income states. Using expenditure ratios and per capita spending, the article shows that increased allocations have yielded modest improvements in human development. It suggests that structural inefficiencies, governance limitations, and inequitable resource allocation constrain outcomes, underscoring the need to enhance both the efficiency and effectiveness of social sector spending for inclusive development.-Reproduced

https://www.epw.in/journal/2026/16/insight/social-sector-spending-health-and-education.html
773 ## - HOST ITEM ENTRY
Main entry heading Economic & Political Weekly
942 ## - ADDED ENTRY ELEMENTS (KOHA)
Item type Articles
Holdings
Withdrawn status Lost status Source of classification or shelving scheme Damaged status Not for loan Permanent location Current location Date acquired Serial Enumeration / chronology Barcode Date last seen Koha item type
          Indian Institute of Public Administration Indian Institute of Public Administration 2026-05-05 61(16), Apr 18, 2026: p.29-34 AR138766 2026-05-05 Articles

Powered by Koha